• 首页
  • 本馆介绍
  • 公告通知
  • 最新文献
  • 馆藏检索
  • 电子资源
  • 读者导购
  • 参考咨询
  • 我的图书馆
  • 登录
  • 详细信息显示
  • 放入我的书架
  • 预约/预借图书
  • 作者相关作品
  • 分类相关作品
  • 丛书相关作品
  • 出版社相关作品

书目信息

  • 表格格式
  • 工作单格式
  • 卡片格式
题名:
新编优质苹果实用栽培技术
    
 
作者: 董文成 , 田旭东 编著
分册:  
出版信息: 北京   北京理工大学出版社  1992.09
页数: 162页
开本: 19cm
丛书名:
单 册:
中图分类: S661.1
科图分类:
主题词: 果树园艺
电子资源:
ISBN: 7-81013-604-6
000 00678nam0 2200205 450
001 0835287688
005 20080925155440.09
010    @a7-81013-604-6@dCNY3.00
100    @a20080916d1992 km y0chiy0120 ea
101 0  @achi
102    @aCN@b110000
200 1  @a新编优质苹果实用栽培技术@Axin bian you zhi ping guo shi yong zai pei ji shu@f董文成,田旭东编著@Fdong wen cheng,tian xu dong bian zhu
210    @a北京@c北京理工大学出版社@d1992.09
215    @a162页@d19cm
606 0  @a果树园艺
690    @aS661.1@v4
701  0 @a董文成@Adong wen cheng@4编著
701  0 @a田旭东@Atian xu dong@4编著
801  0 @aCN@b大连网信软件有限公司图书馆·11@c20080925
905    @aBZT@dS661.1@e208
    
    新编优质苹果实用栽培技术/董文成,田旭东编著.-北京:北京理工大学出版社,1992.09
    162页;19cm
    
    
    ISBN 7-81013-604-6:CNY3.00
    
●
相关链接 在五车中查询图书 在当当中查询图书 在豆瓣中查询图书


正题名:新编优质苹果实用栽培技术     索取号:S661.1/208         预约/预借

序号 登录号 条形码 馆藏地/架位号 状态 备注
1 060879   201277572   中心书库中库/ 中库032架B面8列6层30/ [索取号:S661.1/208] 在馆    
2 060880   201277545   中心书库中库/ 中库032架B面8列6层31/ [索取号:S661.1/208] 在馆    
3 060881   201277590   中心书库中库/ 中库032架B面8列6层32/ [索取号:S661.1/208] 在馆    
4 060882   201258147   中心书库中库/ 中库032架B面8列5层47/ [索取号:S661.1/208] 在馆    
5 060883   201277563   中心书库中库/ 中库032架B面8列5层48/ [索取号:S661.1/208] 在馆    
山东省滨州职业学院图书馆 欢迎您!
大连网信软件有限公司© 版权所有